000 00722 a2200217 4500
999 _c171146
_d171146
005 20210722152949.0
010 _aENG-127322-23
020 _c450.00 (v.I)
_a9789386519153
020 _c550.00(v.II)
_a9789386519160
035 _aEN-110854-855
037 _bDBAD / PUB
082 1 4 _a580
100 1 _aArumugam, N.
245 1 _aTRB botany/
_cby Arumugam,N
246 _aTRB PG Assistants examination botany
260 _aKanyakumari
_bSaras Publication
_c2018
270 _a114/35G A.R.P Camp Road,Periavilai,Kottar P.O.'Nagercoil
_bKanyakumari
_cT.N.
_e629002
300 _a2 V. (XVI, 540p.; XVI, 636p.)
_c23cm(pbk)
505 _aV.I-Unit 1-4; V.II-Unit 5-10
942 _adpl
_cEN
_2ddc
_h580
_mARU